LEADER 01488oam 22004453a 450 001 9910695293403321 005 20060726163220.0 035 $a(CKB)5470000002367802 035 $a(OCoLC)49048217 035 $a(EXLCZ)995470000002367802 100 $a20020214d2000 ua 0 101 0 $aeng 181 $ctxt$2rdacontent 182 $cc$2rdamedia 183 $acr$2rdacarrier 200 00$a'Free' and 'low-cost' PC offers$b[electronic resource] $ego figure 210 1$a[Washington, D.C.] :$cFederal Trade Commission, Bureau of Consumer Protection, Office of Consumer and Business Education,$d[2000] 215 $a2 unnumbered pages $cdigital, PDF file 225 1 $aFTC consumer alert 300 $aTitle from title screen (viewed on July 26, 2006). 300 $a"June 2000." 517 $a'Free' and 'low-cost' PC offers 606 $aAdvertising$xComputers$xCorrupt practices$zUnited States 606 $aMicrocomputers$xPurchasing$zUnited States 615 0$aAdvertising$xComputers$xCorrupt practices 615 0$aMicrocomputers$xPurchasing 676 $a659.19004 676 $a342.0418 676 $a381.34 676 $a640.73 676 $a004 712 02$aUnited States.$bFederal Trade Commission.$bOffice of Consumer and Business Education. 801 0$bN@F 801 1$bN@F 801 2$bOCLCQ 801 2$bGPO 906 $aBOOK 912 $a9910695293403321 996 $aFree' and 'low-cost' PC offers$93428164 997 $aUNINA LEADER 03713nam 22006255 450 001 9910254608303321 005 20200703015351.0 010 $a3-662-48526-5 024 7 $a10.1007/978-3-662-48526-2 035 $a(CKB)3710000000515881 035 $a(EBL)4103864 035 $a(SSID)ssj0001585527 035 $a(PQKBManifestationID)16263834 035 $a(PQKBTitleCode)TC0001585527 035 $a(PQKBWorkID)14864189 035 $a(PQKB)10444850 035 $a(DE-He213)978-3-662-48526-2 035 $a(MiAaPQ)EBC4103864 035 $a(PPN)19052149X 035 $a(EXLCZ)993710000000515881 100 $a20151120d2016 u| 0 101 0 $aeng 135 $aur|n|---||||| 181 $ctxt 182 $cc 183 $acr 200 10$aScattering Theory /$fby Harald Friedrich 205 $a2nd ed. 2016. 210 1$aBerlin, Heidelberg :$cSpringer Berlin Heidelberg :$cImprint: Springer,$d2016. 215 $a1 online resource (293 p.) 300 $aDescription based upon print version of record. 311 $a3-662-48524-9 320 $aIncludes bibliographical references at the end of each chapters and index. 327 $aClassical Scattering Theory. -Elastic scattering by a conservative potential. ? Internal excitation, Inelastic scattering. - Special topics -- Appendices -- Index. 330 $aThis corrected and updated second edition of "Scattering Theory" presents a concise and modern coverage of the subject. In the present treatment, special attention is given to the role played by the long-range behaviour of the projectile-target interaction, and a theory is developed, which is well suited to describe near-threshold bound and continuum states in realistic binary systems such as diatomic molecules or molecular ions. It is motivated by the fact that experimental advances have shifted and broadened the scope of applications where concepts from scattering theory are used, e.g. to the field of ultracold atoms and molecules, which has been experiencing enormous growth in recent years, largely triggered by the successful realization of Bose-Einstein condensates of dilute atomic gases in 1995. The book contains sections on special topics such as near-threshold quantization, quantum reflection, Feshbach resonances and the quantum description of scattering in two dimensions. The level of abstraction is kept as low as at all possible and deeper questions related to the mathematical foundations of scattering theory are passed by. It should be understandable for anyone with a basic knowledge of nonrelativistic quantum mechanics. The book is intended for advanced students and researchers, and it is hoped that it will be useful for theorists and experimentalists alike. 606 $aPhysics 606 $aLow temperatures 606 $aLow temperatures 606 $aAtoms 606 $aMathematical Methods in Physics$3https://scigraph.springernature.com/ontologies/product-market-codes/P19013 606 $aLow Temperature Physics$3https://scigraph.springernature.com/ontologies/product-market-codes/P25130 606 $aAtomic, Molecular, Optical and Plasma Physics$3https://scigraph.springernature.com/ontologies/product-market-codes/P24009 615 0$aPhysics. 615 0$aLow temperatures. 615 0$aLow temperatures. 615 0$aAtoms. 615 14$aMathematical Methods in Physics. 615 24$aLow Temperature Physics. 615 24$aAtomic, Molecular, Optical and Plasma Physics. 676 $a530 700 $aFriedrich$b Harald$4aut$4http://id.loc.gov/vocabulary/relators/aut$0754398 906 $aBOOK 912 $a9910254608303321 996 $aScattering Theory$91800511 997 $aUNINA